000 00706nam a2200229 a 4500
001 000032567
005 20240412074256.0
008 110719s19uu dr r 000 p spa d
040 _aDO-SdBNP
_bspa
_cBNPHU
082 _aRD861.44
_bG216v
100 1 _aGarcía, Juan Z.
_928202
245 1 0 _aVerso universal :
_bpoemario siglo XXI /
_cJuna Z. García.
260 _a[Santo Domingo] :
_b[s. n.],
_c[19--].
300 _a[102 p.] ;
_c21 cm.
490 1 _aVida
500 _aIncluye breve biografía del autor (p.5)
590 _aInventariado, 2018/BT
650 0 _aPoesía dominicana
_966
650 0 _aLiteratura dominicana.
_967
830 0 _aVida
_928203
910 _aValidado. Control de calidad. MFF
999 _c32058
_d32058